Online
Catalog

Toronium : (Record no. 41375)

MARC details
000 -CABECERA
campo de control de longitud fija 00878nam a2200205 a 4500
001 - NÚMERO DE CONTROL
campo de control 000041886
005 - FECHA Y HORA DE LA ÚLTIMA TRANSACCIÓN
campo de control 20201002035818.0
008 - DATOS DE LONGITUD FIJA--INFORMACIÓN GENERAL
campo de control de longitud fija 131021s2004 sp ab 000 0 spa d
020 ## - NÚMERO INTERNACIONAL ESTÁNDAR DEL LIBRO
Número Internacional Estándar del Libro 8400082613
040 ## - FUENTE DE LA CATALOGACIÓN
Centro catalogador/agencia de origen DO-SdBNP
Lengua de catalogación spa
Centro/agencia transcriptor BNPHU
082 ## - NÚMERO DE LA CLASIFICACIÓN DECIMAL DEWEY
Número de clasificación xxx
Número de documento/Ítem F363t
100 1# - ENTRADA PRINCIPAL--NOMBRE DE PERSONA
Nombre de persona Fernández Rodríguez, Manuel
9 (RLIN) 63969
245 10 - MENCIÓN DE TÍTULO
Título Toronium :
Resto del título aproximación a la historia de una tierra medieval /
Mención de responsabilidad, etc. Manuel Fernández Rodríguez ; prólogo Eduardo Pardo de Guevara y Valdés.
260 ## - PUBLICACIÓN, DISTRIBUCIÓN, ETC.
Lugar de publicación, distribución, etc. Santiago de Compostela :
Nombre del editor, distribuidor, etc. Consejo Superior de Investigaciones Científicas,
Fecha de publicación, distribución, etc. 2004.
300 ## - DESCRIPCIÓN FÍSICA
Extensión 277 p. :
Otras características físicas il., maps ;
Dimensiones 24 cm.
490 1# - MENCIÓN DE SERIE
Mención de serie Anejo cuadernos de estudios gallegos
Designación de volumen o secuencia 31
500 ## - NOTA GENERAL
Nota general Incluye referencias bibliográficas y notas al pie de las páginas.
700 12 - PUNTO DE ACCESO ADICIONAL--NOMBRE DE PERSONA
Nombre de persona Guevara y Valdés, Eduardo Pardo de
Término indicativo de función/relación pról.
9 (RLIN) 64035
830 #0 - PUNTO DE ACCESO ADICIONAL DE SERIE-TÍTULO UNIFORME
Título uniforme Anejo cuadernos de estudios gallegos
Número de parte o sección de la obra 31
9 (RLIN) 68774
Holdings
Estado de retiro Estado de pérdida Restricciones de uso No para préstamo Código de colección Localización permanente Ubicación/localización actual Ubicación en estantería Fecha de adquisición Número de inventario Total de préstamos Signatura topográfica completa Código de barras Fecha visto por última vez Precio válido a partir de Tipo de ítem Koha
      Excluido de préstamo Monografías: Libros y Folletos General General En catalogación 21.10.2013 LF1   xxx F363t 41886-10 25.06.2020 25.06.2020 No se presta

Powered by Koha